00871nam a2200181Ia 4500003000900000005001700009008004100026040003100067040001300098041000800111245007200119250001000191260003800201300001900239490002100258490000600279520040400285IT-RoPAU20220918175925.0120407s9999 xx 000 0 und d aIT-RoPAUc20130313093123.0 cIT-RoPAU aita aDocumento di lavoro in preparazione al V Capitolo Generale (1986 ). aRoma  aRoma bCasa Generalizia SSPc1986 a76 p.c21,5 cm aPro manuscripto. v1 aIndici L'obiettivo del V Capitulo generale (spiegazione di D. Perino) Presentazione dello "strumento di lavoro" Siglario (e "nota metodologica") Antologia Capitolo I: L'evangelizzazione paolina Capitolo II: Evangelizzazione e comunità€ Capitolo III: Evangelizzazione paolina e pastorale d'insieme (Inserimento nella Chiesa Locale) Capitolo IV: Evangelizzazione paolina e cultura (inculturazione)